| 000 | 00852nam a2200241Ia 4500 | ||
|---|---|---|---|
| 003 | OSt | ||
| 005 | 20220927110342.0 | ||
| 006 | a|||||r|||| 00| 0 | ||
| 007 | ta | ||
| 008 | 220926b |||||||| |||| 00| 0 eng d | ||
| 024 | _a46386 | ||
| 037 | _cReports | ||
| 040 |
_aRTL _cRTL _beng |
||
| 041 |
_2eng _aeng |
||
| 082 | _a"X;8J:(T:51).2.N63t, K4" | ||
| 110 |
_aInstitute of chartered accountants of India. Revising the system of training and examination (Special Committee for-) (New Delhi India) _9376489 |
||
| 245 | 0 | _aReport | |
| 260 | _c1964 | ||
| 650 |
_aAudit _9353217 |
||
| 700 |
_aInstitute of chartered accountants of India. Revising the system of training and examination (Special Committee for-) (New Delhi India) _9376490 |
||
| 942 |
_h"X;8J:(T:51).2.N63t, K4" _cCC |
||
| 999 |
_c695714 _d695714 |
||